000 00600nam a2200205Ia 4500
005 20250508164445.0
008 008 250505s9999 xx 000 0 eng d
037 _aTextual
040 _aFEDL
_beng
_cFEDL
041 _aeng
_2eng
084 _a300.7, SKE
_qFEDL
100 _aSkeel Dorothy J
_9778188
245 0 _aElementary social studies : Challenges for tomorrow's world
260 _c1995
300 _axv,277p.
546 _aMACESE
650 _aSocial sciences; Elementary education - Social studies
_9778189
942 _cTEXL
_h300.7, SKE
999 _c1389233
_d1389233